Statistiques concernant Les personnages de Mario Kart Wii en 1 minute

Cliquez ici pour prendre le quiz!

Statistiques générales

  • Ce quiz a été pris 126 fois
  • Le résultat moyen est 16 sur 26

Statistiques - réponses

Personnage% Correct
Mario
100%
Luigi
97%
Bowser
94%
Peach
91%
Daisy
82%
Wario
77%
Waluigi
73%
Toad
71%
Yoshi
68%
Bébé Mario
67%
Donkey Kong
66%
Bébé Peach
63%
Bébé Luigi
61%
Diddy Kong
59%
Harmonie
55%
Koopa
55%
Bébé Daisy
51%
Bowser Jr.
49%
Skelerex
46%
Birdo
44%
Toadette
43%
Funky Kong
40%
Roi Boo
37%
Mii Tenue A
33%
Mii Tenue B
33%
Bowser Skelet
21%

Distribution des résultats

Percentile par nombre de réponses

% des personnes avec chaque résultat

Votre développement - résultats

Vous n’avez pas pris ce quiz